00717 a2200157 4500003000500000005001700005040000900022082001600031100002000047245003800067260004800105300002300153505034400176600002000520650001900540Nust20221220115242.0 cNust a621.384,MAR aMarcus, Abraham aRadio projects /cAbraham Marcus, aPrentice-Hall,bEnglewood Cliffs [N.Jc1955 a74 pbillusc29 cm aHow to Solder (Page-1), Crystal Detector Receiver (Page-6) Diode Detector Receiver (Page-12), The Regenerative Receiver (Page-18), A-C Power Supply #1 (Page-25), A-C Power Supply #2 (Page-34), Audio-Frequency Amplifier (Page-38), Tuned-Radio-Frequency Tuner (Page-44), AC-DC Superheterodyne Receiver (Page-54), Code Oscillator (Page-65). aMarcus, Abraham aRadio projects